El nuevo modelo de desarrollo económico /
El documento trata el tema de la modernización económica de México, tomando las ideas y los hábitos adquiridos a partir de 1940, año en el que la industrialización acelerada comenzó en el país, así como la privatización, la desregulación, competitividad, las relaciones sociales y políticas y los nue...
में बचाया:
| मुख्य लेखक: | |
|---|---|
| स्वरूप: | मूलपाठ |
| भाषा: | Spanish |
| प्रकाशित: |
Distrito Federal:
Grupo editorial Miguel Angel Porrúa
1994
|
| विषय: | |
| टैग: |
टैग जोड़ें
कोई टैग नहीं, इस रिकॉर्ड को टैग करने वाले पहले व्यक्ति बनें!
|
MARC
| LEADER | 00000 a a2200000 04500 | ||
|---|---|---|---|
| 001 | 37970 | ||
| 003 | cru CIDCACS/IIS | ||
| 005 | 20230707094813.0 | ||
| 008 | 230424e1994 mx ||||| |||| 00| 0 spa d | ||
| 020 | |a 968-842-478-1 | ||
| 040 | |a CRAI/IIS |c CRAI/IIS | ||
| 090 | |a 02.01.01 A694n | ||
| 100 | |a Argüelles, Antonio | ||
| 245 | |a El nuevo modelo de desarrollo económico / |c Antonio Argüelles | ||
| 260 | |a Distrito Federal: |b Grupo editorial Miguel Angel Porrúa |c 1994 | ||
| 300 | |a 29 p. | ||
| 520 | |a El documento trata el tema de la modernización económica de México, tomando las ideas y los hábitos adquiridos a partir de 1940, año en el que la industrialización acelerada comenzó en el país, así como la privatización, la desregulación, competitividad, las relaciones sociales y políticas y los nuevos retos y oportunidades para el desarrollo del país. | ||
| 650 | 0 | |9 143 |a ECONOMIA | |
| 650 | 0 | |9 3691 |a POLITICA | |
| 650 | 0 | |9 3193 |a INDUSTRIALIZACION | |
| 650 | 0 | |9 3517 |a PRIVATIZACION | |
| 651 | 0 | |9 3410 |a MEXICO | |
| 942 | |2 ddc |c LI |h 02.01.01 A694n |i 05288 |6 020101_A694N_05288 | ||
| 999 | |c 7122 |d 7122 | ||



